000 00701cam a2200181 i 4500
005 20251221100152.0
008 250721r2008 jo gr 000 0 ara d
082 1 4 _a217.8
_bع ت ل
100 1 _aالعتلة، خالد
_eمؤلف.
245 1 2 _aالسوائل الخارجة من جسم الإنسان وحكمها في الفقه الإسلامي /
_cتاليف خالد العتلة.
250 _aالطبعة الاولى.
264 3 1 _aعمان :
_bدار الخليج للنشر والتوزيع،
_c2008.
300 _a191 صفحة.
650 1 7 _aالفقه الإسلامي.
650 1 7 _aالشريعة الإسلامية.
942 _2ddc
_cBK
999 _c109682
_d109682